<?xml version="1.0" encoding="UTF-8"?>
<marc:record xmlns:marc="http://www.loc.gov/MARC21/slim">
   <marc:leader>00000nam a2200000 a 4500</marc:leader>
   <marc:datafield ind1="1" ind2=" " tag="100">
      <marc:subfield code="a">Keneally, Thomas</marc:subfield>
      <marc:subfield code="4">aut</marc:subfield>
      <marc:subfield code="e">Verfasser/-in</marc:subfield>
   </marc:datafield>
   <marc:datafield ind1=" " ind2=" " tag="653">
      <marc:subfield code="a">Nationalsozialismus</marc:subfield>
   </marc:datafield>
   <marc:datafield ind1=" " ind2=" " tag="653">
      <marc:subfield code="a">2. Weltkrieg</marc:subfield>
   </marc:datafield>
   <marc:datafield ind1=" " ind2=" " tag="653">
      <marc:subfield code="a">Widerstand</marc:subfield>
   </marc:datafield>
   <marc:datafield ind1=" " ind2=" " tag="653">
      <marc:subfield code="a">Oskar Schindler</marc:subfield>
   </marc:datafield>
   <marc:datafield ind1="0" ind2="0" tag="245">
      <marc:subfield code="a">Schindlers Liste</marc:subfield>
   </marc:datafield>
   <marc:datafield ind1="0" ind2="0" tag="245">
      <marc:subfield code="c">Keneally, Thomas</marc:subfield>
   </marc:datafield>
   <marc:datafield ind1=" " ind2="1" tag="264">
      <marc:subfield code="a">München</marc:subfield>
      <marc:subfield code="b">C. Bertelsmann</marc:subfield>
      <marc:subfield code="c">1994</marc:subfield>
   </marc:datafield>
   <marc:datafield ind1="1" ind2=" " tag="520">
      <marc:subfield code="a">Oskar Schindler war zweifellos eine der schillerndsten Persönlichkeiten im von Deutschen besetzten Krakau der 40er Jahre. Der teurem Kognak, schönen Frauen und schnellen Autos zugetane erfolgreiche Geschäftsmann verstand es, sich bei Gelagen mit Nazioffizieren lukrative Aufträge zu sichern und seine guten Beziehungen bis in höchste Stellen geschickt für seine Interessen ausgenutzen. Doch was waren seine Interessen?&#xD;
&#xD;
Als Schindler auf einem Spazierritt mit seiner Geliebten zufällig Zeuge der ersten Säuberungswelle im Krakauer Ghetto wurde und die leidenschaftslose, routinemäßige Grausamkeit der Mörder sah, stand für ihn plötzlich eins fest: Er würde sich diesem Tun entgegenstellen. Schindlers Fabrik entwickelte sich in der Folgezeit zu einer Zufluchtsstätte für jüdische Arbeiter, die er vor der WIllkür des sadistischen KZ-Kommandanten Göth schützte.</marc:subfield>
   </marc:datafield>
   <marc:datafield ind1=" " ind2=" " tag="338">
      <marc:subfield code="a">Band</marc:subfield>
   </marc:datafield>
</marc:record>
